000 00784nam a2200229Ii 4500
003 JO-AjNU
008 230605s9999||||xx |||||||||||||| ||und||
017 _a2012/9/3282
020 _a978-9957-92-007-4
040 _aJO-AjNU
_bara
_erda
_cJO-AjNU
041 _aara
050 1 4 _aBF637.2013
100 3 _aعبد الله، محمد قاسم,
_eauthor
_943077
245 0 0 _aالعملية الإرشادية :الأسس النظرية-البرامج-التطبيقات
250 _aط1
264 3 1 _aعمان:دار الفكر ناشرون وموزعون ، 2013
300 _a448ص
336 _atext
_btxt
_2rdacontent
337 _aunmediated
_bn
_2rdamedia
338 _avolume
_bnc
_2rdacarrier
650 4 _aالارشاد النفسي-التوجيه النفسي
_943078
999 _aA18493
_c22061
_d22061